Electric machinery (Record no. 4511)
[ view plain ]
| 000 -LEADER | |
|---|---|
| fixed length control field | 00643 a2200217 4500 |
| 020 ## - INTERNATIONAL STANDARD BOOK NUMBER | |
| International Standard Book Number | 0-07-707708-3 |
| 020 ## - INTERNATIONAL STANDARD BOOK NUMBER | |
| International Standard Book Number | 0-07-112946-4 |
| 040 ## - CATALOGING SOURCE | |
| Original cataloging agency | DLC |
| Language of cataloging | DLC |
| 082 ## - DEWEY DECIMAL CLASSIFICATION NUMBER | |
| Classification number | 621.31042 |
| 082 ## - DEWEY DECIMAL CLASSIFICATION NUMBER | |
| Classification number | 621.310 42 |
| 082 ## - DEWEY DECIMAL CLASSIFICATION NUMBER | |
| Classification number | 621.310 42 |
| 100 1# - MAIN ENTRY--PERSONAL NAME | |
| Personal name | Fitzgerald, Arthur E. |
| 245 00 - TITLE STATEMENT | |
| Title | Electric machinery |
| Statement of responsibility, etc. | A. E. Fitzgerald, Charles Kingsley, Jr., Stephen D. Umans |
| 250 ## - EDITION STATEMENT | |
| Edition statement | 5th [rev.] ed. in SI units |
| 260 ## - PUBLICATION, DISTRIBUTION, ETC. | |
| Place of publication, distribution, etc. | New York : |
| Name of publisher, distributor, etc. | McGraw-Hill, |
| Date of publication, distribution, etc. | 1992 |
| 300 ## - PHYSICAL DESCRIPTION | |
| Extent | 599 s. |
| 440 #0 - SERIES STATEMENT/ADDED ENTRY--TITLE | |
| Title | McGraw-Hill series in electrical engineering. |
| 700 1# - ADDED ENTRY--PERSONAL NAME | |
| Personal name | Kingsley, Charles, |
| Dates associated with a name | 1904-1994 |
| 700 1# - ADDED ENTRY--PERSONAL NAME | |
| Personal name | Umans, Stephen D. |
| 942 ## - ADDED ENTRY ELEMENTS (KOHA) | |
| Koha item type | Book |
| Call number prefix | 621.31042 FIT |
| Source of classification or shelving scheme | |
| Withdrawn status | Lost status | Damaged status | Not for loan | Collection code | Permanent Location | Current Location | Shelving location | Date acquired | Source of acquisition | Cost, normal purchase price | Total Checkouts | Total Renewals | Full call number | Barcode | Date last seen | Date last checked out | Price effective from | Koha item type | Checked out |
|---|---|---|---|---|---|---|---|---|---|---|---|---|---|---|---|---|---|---|---|
| Central Library (CL) | Central Library (CL) | General Stacks | 01/18/2007 | Academic Book company | 775.00 | 1 | 1 | 621.31042 FIT | SEECS008012 | 01/17/2023 | 09/07/2016 | 01/05/2017 | Book | ||||||
| Central Library (CL) | Central Library (CL) | General Stacks | 11/25/2006 | Academic Book Company | 771.45 | 2 | 621.31042 FIT | SEECS007800 | 01/12/2024 | 10/18/2023 | 01/05/2017 | Book | |||||||
| Central Library (CL) | Central Library (CL) | General Stacks | 11/25/2006 | Academic Book Company | 771.45 | 4 | 1 | 621.31042 FIT | SEECS007801 | 10/26/2024 | 10/26/2024 | 01/05/2017 | Book | 11/25/2024 | |||||
| Central Library (CL) | Central Library (CL) | General Stacks | 01/18/2007 | Academic Book company | 775.00 | 3 | 1 | 621.31042 FIT | SEECS008013 | 03/15/2021 | 03/15/2021 | 01/05/2017 | Book | 07/13/2021 |
